000 00628nam a2200229Ia 4500
003 OSt
005 20220918192014.0
006 a|||||r|||| 00| 0
007 ta
008 220917b |||||||| |||| 00| 0 eng d
024 _a66,492
037 _cTextual
040 _aARTS
_cARTS
_beng
041 _2eng
_aeng
082 _aR3xD98:g, L3
100 _aModeewedge Parviz tr
_978040
245 0 _aMetaphysica of Avicenna (ibn sina)
260 _aLondon
_bRoutledge and Kegan Paul
_c1973
300 _axxvii,326p.
_ccm.
942 _hR3xD98:g, L3
_cTEXL
_2CC
999 _c192725
_d192725